Practical neural network recipes in C++

Αποθηκεύτηκε σε:
Λεπτομέρειες βιβλιογραφικής εγγραφής
Κύριος συγγραφέας: Masters, Timothy
Μορφή: Βιβλίο
Γλώσσα:English
Δημοσίευση: Boston : Academic Press, c1993
Θέματα:
Ετικέτες: Προσθήκη ετικέτας
Δεν υπάρχουν, Καταχωρήστε ετικέτα πρώτοι!

MARC

LEADER 00000cam a2200000 i 4500
001 1/61162
008 941103s1993 eng d
020 |a 0124790402 
035 |l 10046388 
040 |a GR-MY-UA  |b gre  |e aacr 
041 0 |a eng 
082 0 |a 006.3 
100 1 |a Masters, Timothy. 
245 1 0 |a Practical neural network recipes in C++ /  |c Timothy Masters 
260 |a Boston :   |b Academic Press,   |c c1993 
300 |a 493 p.;  |b ill.;  |c 24 cm. +  |e 1 computer disk (5 1/4 in.) 
500 |a System requirements for computer disk: PC; C++ compiler 
504 |a Includes bibliographical references (p. 479-490) and index 
650 0 0 |a Neural networks (Computer science) 
650 0 0 |a C++ (Computer program language) 
852 |a INST  |b CHIOS  |e 20050310  |h 006.3 MAS  |p 005200021782  |q 005200021782  |t BK  |y 0 
852 |a INST  |b CHIOS  |e 20050310  |h 006.3 MAS   |p 005200021882  |q 005200021882  |t BK  |y 0 
852 |a INST  |b SAMOS  |e 19941103  |h 006.3 MAS  |p 005300004187  |q 005300004187  |t BK  |y 0 
852 |a INST  |b SAMOS  |e 19981120  |h 006.3 MAS   |p 005300013790  |q 005300013790  |t BK  |y 0 
852 |a INST  |b SAMOS  |e 19981110  |h 006.3 MAS   |p 005300013917  |q 005300013917  |t BK  |y 0 
901 |a BIBL2-2005-1 
909 |a Σ  |b 033341 
909 |a Σ  |b 060431 
909 |a Σ  |b 060508 
909 |a Χ  |b 113087 
909 |a Χ  |b 118835 
920 |a ΔΙΕΥΡΥΝΣΗ  |b ΕΠΕΑΕΚ-ΤΜΟΔ  |y ΧΙΟΣ  |z 2004-12